[Event "Open de la Loire 2010-2011"]
[Site "Loire"]
[Date "2010.12.18"]
[Round "4.10"]
[White "Trottet, Francois"]
[Black "Megnot, Philippe"]
[Result "1-0"]
[WhiteElo "1530"]
[BlackElo "1440"]
[PlyCount "57"]
[EventDate "2010.??.??"]

1. e4 c5 2. Nf3 Nc6 3. c3 e6 4. d4 cxd4 5. Nxd4 Bc5 6. b4 Nxd4 7. bxc5 Nc6 8.
Bb5 Nge7 9. Qg4 Ng6 10. Bxc6 bxc6 11. O-O O-O 12. Bg5 Qa5 13. Be3 Ba6 14. Rd1
Rae8 15. f4 Qa4 16. Nd2 Bd3 17. Bd4 e5 18. fxe5 Nxe5 19. Qg3 Bc2 20. Rf1 Ng6
21. e5 Qa6 22. Nf3 Be4 23. Ng5 Bd5 24. h4 h6 25. Nh3 Rb8 26. h5 Ne7 27. e6 g6
28. Rf6 g5 29. Qe5 1-0

[Event "Open de la Loire 2010-2011"]
[Site "Loire"]
[Date "2010.12.18"]
[Round "4.11"]
[White "Richard, Nicolas"]
[Black "Duffy, Claudine"]
[Result "1-0"]
[WhiteElo "1350"]
[BlackElo "1499"]
[PlyCount "55"]
[EventDate "2010.??.??"]

1. e4 e5 2. Nf3 Nc6 3. d4 d5 4. exd5 exd4 5. dxc6 bxc6 6. Nxd4 c5 7. Bb5+ Bd7
8. Bxd7+ Qxd7 9. Qe2+ Be7 10. Nb3 Nf6 11. O-O O-O 12. Be3 Qc6 13. Bf4 Rfe8 14.
N1d2 g6 15. Qf3 Qa4 16. Bxc7 Rac8 17. Be5 Nd7 18. Bc3 c4 19. Nd4 Ne5 20. Qf4
Bd6 21. Ne4 Qxc2 22. Nxc2 Rcd8 23. Nf6+ Kf8 24. Nxe8 Rxe8 25. Rad1 Bc5 26. Bxe5
Be7 27. Qh6+ Kg8 28. Qg7# 1-0

[Event "Open de la Loire 2010-2011"]
[Site "Loire"]
[Date "2010.12.18"]
[Round "4.12"]
[White "D'Elia, Stephane"]
[Black "Brachet, Gerard"]
[Result "1-0"]
[WhiteElo "1330"]
[BlackElo "1460"]
[PlyCount "73"]
[EventDate "2010.??.??"]

1. e4 e5 2. Nf3 Nc6 3. c3 Nf6 4. d4 exd4 5. e5 Qe7 6. cxd4 d6 7. Bb5 Bd7 8. O-O
dxe5 9. Qa4 a6 10. Bg5 O-O-O 11. Bxa6 Qb4 12. Qxb4 Nxb4 13. Bc4 Nc2 14. dxe5 h6
15. Bh4 g5 16. Nxg5 hxg5 17. Bxg5 Be6 18. Bxe6+ fxe6 19. Bxf6 Bc5 20. Bxh8 Rxh8
21. Nc3 Nxa1 22. Rxa1 Rh5 23. Re1 Rf5 24. Nd1 Bd4 25. g4 Rg5 26. Re4 Bxe5 27.
h4 Rg6 28. Rxe5 Rxg4+ 29. Kf1 Rxh4 30. Rxe6 Kd7 31. Re3 Rd4 32. Ke2 b5 33. Rd3
Rxd3 34. Kxd3 c5 35. Nc3 b4 36. Ne4 Kc6 37. Kc4 1-0

[Event "Open de la Loire 2010-2011"]
[Site "Loire"]
[Date "2010.12.18"]
[Round "4.13"]
[White "Choquelle, Jean"]
[Black "Liogier, Pascal"]
[Result "0-1"]
[WhiteElo "1110"]
[BlackElo "1450"]
[PlyCount "64"]
[EventDate "2010.??.??"]

1. d4 d5 2. Nf3 Nf6 3. Nc3 e6 4. Bf4 Bb4 5. e3 Ne4 6. Qd3 O-O 7. Be2 Nd7 8. O-O
Nxc3 9. bxc3 Be7 10. a3 c5 11. e4 dxe4 12. Qxe4 Nf6 13. Qd3 cxd4 14. cxd4 b6
15. Rad1 Nd5 16. Bg3 Bxa3 17. Qxa3 a5 18. Qc1 Nc3 19. Bh4 f6 20. Qe3 Nxe2+ 21.
Qxe2 Qd5 22. Bg3 Ba6 23. Qd2 Bxf1 24. Rxf1 Rac8 25. Rc1 a4 26. Qb4 b5 27. c3
Qb3 28. Qd6 Rxc3 29. Re1 Qd5 30. Qxe6+ Qxe6 31. Rxe6 a3 32. Rb6 Rc1+ 0-1

[Event "Open de la Loire 2010-2011"]
[Site "Loire"]
[Date "2010.12.18"]
[Round "4.14"]
[White "Barrandon, Georges"]
[Black "Mialon, Franck"]
[Result "1-0"]
[WhiteElo "1499"]
[BlackElo "1440"]
[PlyCount "73"]
[EventDate "2010.??.??"]

1. e4 e5 2. Nf3 Nc6 3. Bc4 Nf6 4. Nc3 Bb4 5. O-O O-O 6. d3 h6 7. a3 Bxc3 8.
bxc3 d6 9. Qe2 Bg4 10. Qe3 a6 11. Nh4 Bh5 12. Qg3 b5 13. Nf5 Ng4 14. f3 bxc4
15. fxg4 Bg6 16. Qh3 Bxf5 17. gxf5 Qf6 18. Rf3 cxd3 19. cxd3 d5 20. Rg3 d4 21.
Bxh6 g6 22. Bxf8 Rxf8 23. c4 Rb8 24. Qg4 Rb3 25. fxg6 fxg6 26. Qxg6+ Qxg6 27.
Rxg6+ Kh7 28. Rxc6 Rxd3 29. Rxc7+ Kg6 30. Rc6+ Kg5 31. Rxa6 Re3 32. Rf1 Rxe4
33. Raf6 Rf4 34. R6xf4 exf4 35. Rf3 Kf5 36. Kf1 Ke4 37. Ke2 1-0

[Event "Open de la Loire 2010-2011"]
[Site "Loire"]
[Date "2010.12.18"]
[Round "4.15"]
[White "Boeuf, Jean-Julien"]
[Black "Volay, Pascal"]
[Result "1-0"]
[WhiteElo "1420"]
[BlackElo "1570"]
[PlyCount "105"]
[EventDate "2010.??.??"]

1. e4 e5 2. Nf3 Nc6 3. Bc4 Bc5 4. c3 Nf6 5. d3 d6 6. O-O h6 7. Nbd2 O-O 8. h3
a6 9. Bb3 b5 10. Re1 Re8 11. Nf1 Be6 12. Bxe6 Rxe6 13. d4 exd4 14. cxd4 Bb4 15.
d5 Bxe1 16. dxe6 Bb4 17. exf7+ Kxf7 18. Nh4 Ne7 19. Qb3+ d5 20. Qxb4 dxe4 21.
Qb3+ Nfd5 22. g3 Ke8 23. Ne3 Nxe3 24. Bxe3 Qd5 25. Qxd5 Nxd5 26. Rd1 c6 27. Ng6
Rd8 28. Rd4 Nf6 29. Ne5 Rc8 30. Rd6 c5 31. Rxa6 Rc7 32. Nc6 Nd7 33. Bf4 Rc8 34.
Bd6 Kf7 35. Ne5+ Nxe5 36. Bxe5 Re8 37. Bc3 e3 38. Ra7+ Kg8 39. Rxg7+ Kf8 40.
fxe3 Rxe3 41. Rg4 Rf3 42. Bg7+ Kf7 43. Bxh6 Ke6 44. Kg2 Rd3 45. h4 c4 46. Rg6+
Kd5 47. Rg8 c3 48. Rd8+ Ke4 49. Rxd3 Kxd3 50. bxc3 Kxc3 51. g4 Kb2 52. g5 Kxa2
53. Bf8 1-0

[Event "Open de la Loire 2010-2011"]
[Site "Loire"]
[Date "2010.12.18"]
[Round "4.16"]
[White "Victoria, Philippe"]
[Black "Dugelay, Alain"]
[Result "1-0"]
[WhiteElo "1040"]
[BlackElo "1499"]
[PlyCount "51"]
[EventDate "2010.??.??"]

1. d4 d5 2. c4 Nc6 3. Nc3 e6 4. Nf3 Bb4 5. Qd3 Nf6 6. Bf4 O-O 7. Ne5 Bd6 8.
Nxc6 bxc6 9. Bg5 Ba6 10. b3 Rb8 11. Qf3 Bb4 12. Rc1 h6 13. Bf4 Re8 14. e3 Ne4
15. Bd3 Bxc3+ 16. Rxc3 Nxc3 17. Be5 Nxa2 18. Qg3 f6 19. Bxc7 Qc8 20. Bxb8 Qb7
21. Bd6 Qxb3 22. Qg6 Qc3+ 23. Ke2 Qb2+ 24. Kf3 Rd8 25. Qh7+ Kf7 26. Bg6# 1-0

[Event "Open de la Loire 2010-2011"]
[Site "Loire"]
[Date "2010.12.18"]
[Round "4.17"]
[White "Crespy, Djamila"]
[Black "Marie, Michel"]
[Result "0-1"]
[WhiteElo "1299"]
[BlackElo "1100"]
[PlyCount "52"]
[EventDate "2010.??.??"]

1. e4 e5 2. Nf3 Nc6 3. Nc3 Nf6 4. Bc4 h6 5. O-O Bc5 6. a3 a5 7. d3 O-O 8. Be3
Bxe3 9. fxe3 Ng4 10. Qe1 d6 11. d4 exd4 12. exd4 Ne7 13. b4 c6 14. h3 Nf6 15.
e5 Nh5 16. Qh4 d5 17. Bd3 g6 18. Rab1 axb4 19. axb4 Ra3 20. Rb3 Rxb3 21. cxb3
Bf5 22. Bb1 Be4 23. Nxe4 dxe4 24. Bxe4 Re8 25. Qe1 Qb6 26. Qc3 Nf4 {
d5 coup impossible} 0-1

[Event "Open de la Loire 2010-2011"]
[Site "Loire"]
[Date "2011.01.22"]
[Round "5.1"]
[White "Walter, Alain"]
[Black "Buisine, Roman"]
[Result "1/2-1/2"]
[WhiteElo "1770"]
[BlackElo "1667"]
[PlyCount "38"]
[EventDate "2011.??.??"]

1. d4 Nf6 2. c4 e6 3. Nc3 Bb4 4. Bd2 d5 5. e3 O-O 6. Nf3 c5 7. Bd3 Nc6 8. cxd5
exd5 9. dxc5 Bxc5 10. Rc1 d4 11. exd4 Bxd4 12. Be2 Re8 13. O-O Bf5 14. Nxd4
Nxd4 15. Be3 Nxe2+ 16. Nxe2 Qa5 17. Nc3 Rac8 18. Qa4 Qxa4 19. Nxa4 Nd5 1/2-1/2

[Event "Open de la Loire 2010-2011"]
[Site "Loire"]
[Date "2011.01.22"]
[Round "5.2"]
[White "Longueville, Thomas"]
[Black "Febvret, Olivier"]
[Result "1-0"]
[WhiteElo "1794"]
[BlackElo "1450"]
[PlyCount "107"]
[EventDate "2011.??.??"]

1. d4 d5 2. Nf3 Nc6 3. Bf4 Nf6 4. e3 e6 5. c4 Bd6 6. Bg5 Be7 7. Nc3 h6 8. Bh4
Ne4 9. Bxe7 Nxe7 10. Nxe4 dxe4 11. Nd2 f5 12. Qh5+ Kd7 13. Nb3 g6 14. Qd1 Ke8
15. Nc5 b6 16. Qa4+ Bd7 17. Nxd7 Qxd7 18. Qb3 c6 19. O-O-O Rd8 20. d5 exd5 21.
cxd5 Nxd5 22. Bc4 Qc7 23. Kb1 Qb7 24. Rd4 Rh7 25. Rhd1 Rhd7 26. f3 Nf6 27. Bf7+
Kf8 28. Bxg6 c5 29. Rxd7 Rxd7 30. Bxf5 Rxd1+ 31. Qxd1 exf3 32. gxf3 Qe7 33. Qb3
Qd6 34. Qc2 Ke7 35. Be4 h5 36. Kc1 Qe6 37. Kd2 Nxe4+ 38. Qxe4 Qxe4 39. fxe4 Ke6
40. Ke2 Ke5 41. Kd3 b5 42. b3 a6 43. a4 b4 44. a5 Ke6 45. Kc4 Kd6 46. h4 Ke5
47. Kxc5 Kxe4 48. Kb6 Kxe3 49. Kxa6 Kf3 50. Kb7 Kg3 51. a6 Kxh4 52. a7 Kg3 53.
a8=Q h4 54. Qg8+ 1-0

[Event "Open de la Loire 2010-2011"]
[Site "Loire"]
[Date "2011.01.22"]
[Round "5.3"]
[White "Joly, Christian"]
[Black "Moleins, Jean-Pierre"]
[Result "0-1"]
[WhiteElo "1600"]
[BlackElo "1600"]
[PlyCount "46"]
[EventDate "2011.??.??"]

1. d4 g6 2. Nf3 Bg7 3. e4 d6 4. c4 Bg4 5. Be2 Nf6 6. Nc3 Nbd7 7. Bg5 O-O 8. Qd2
c5 9. d5 a6 10. O-O Rb8 11. Rac1 b5 12. cxb5 Bxf3 13. Bxf3 axb5 14. Rfe1 Ne5
15. Bd1 b4 16. Nb1 Qa5 17. Na3 Qa6 18. Be2 Qa8 19. Nc4 Nxe4 20. Qe3 Nxg5 21.
Qxg5 Bf6 22. Qd2 Qxa2 23. Ra1 Nxc4 0-1

[Event "Open de la Loire 2010-2011"]
[Site "Loire"]
[Date "2011.01.22"]
[Round "5.4"]
[White "Desassis, Jean-Francois"]
[Black "Carteron, Olivier"]
[Result "0-1"]
[WhiteElo "1500"]
[BlackElo "1610"]
[PlyCount "52"]
[EventDate "2011.??.??"]

1. d4 d5 2. e4 e6 3. e5 c5 4. Nf3 cxd4 5. Bb5+ Bd7 6. Bg5 Qa5+ 7. Qd2 Qxd2+ 8.
Nbxd2 Bxb5 9. Nxd4 Ba6 10. O-O-O Nc6 11. N4b3 Nxe5 12. f4 Nc6 13. Nf3 Be7 14.
Bxe7 Ngxe7 15. Nc5 Be2 16. Rd2 Bxf3 17. gxf3 b6 18. Na6 O-O 19. Re1 d4 20. f5
Nxf5 21. Nc7 Rac8 22. Nb5 a6 23. Na3 b5 24. Kb1 e5 25. Rg1 Na5 26. Rdg2 b4 0-1

[Event "Open de la Loire 2010-2011"]
[Site "Loire"]
[Date "2011.01.22"]
[Round "5.5"]
[White "Boeuf, Jeremy"]
[Black "Doran, Niall"]
[Result "0-1"]
[WhiteElo "1300"]
[BlackElo "1547"]
[PlyCount "82"]
[EventDate "2011.??.??"]

1. e4 e6 2. f4 c5 3. Nf3 d5 4. Bb5+ Bd7 5. Bxd7+ Nxd7 6. exd5 exd5 7. O-O Bd6
8. d4 Ne7 9. Ne5 cxd4 10. Nxd7 Qxd7 11. c3 dxc3 12. Nxc3 Bc5+ 13. Kh1 O-O 14.
Ne4 Bb6 15. Ng5 Qb5 16. Re1 Nc6 17. Be3 d4 18. Bg1 Qxb2 19. Qd3 g6 20. f5 Qc3
21. Qxc3 dxc3 22. Bxb6 axb6 23. fxg6 hxg6 24. Rec1 Ra3 25. h3 b5 26. Rab1 b4
27. Rc2 Rfa8 28. Re1 Rxa2 29. Rxa2 Rxa2 30. Ne4 c2 31. Nc5 Rb2 32. Rc1 Rb1 33.
Nd3 b3 34. Kh2 Rxc1 35. Nxc1 b2 36. Nd3 b1=Q 37. Nf4 Qf1 38. Nd5 Nd4 39. Ne7+
Kg7 40. Nd5 Ne2 41. Ne3 Qg1# 0-1

[Event "Open de la Loire 2010-2011"]
[Site "Loire"]
[Date "2011.01.22"]
[Round "5.6"]
[White "Rasle, Jean-Michel"]
[Black "Mazet, Christian"]
[Result "0-1"]
[WhiteElo "1650"]
[BlackElo "1460"]
[PlyCount "82"]
[EventDate "2011.??.??"]

1. d4 Nf6 2. c4 g6 3. Nc3 d5 4. e3 Bg7 5. Nf3 O-O 6. Be2 Re8 7. O-O Nc6 8. Rb1
Bf5 9. Bd3 Bxd3 10. Qxd3 Nb4 11. Qe2 dxc4 12. Qxc4 Nbd5 13. Ne5 e6 14. Bd2 Rc8
15. Rbc1 Nb6 16. Qe2 h6 17. Rc2 c5 18. dxc5 Rxc5 19. f4 Ne4 20. Rfc1 Bxe5 21.
fxe5 Rxe5 22. Nxe4 Rxe4 23. Qf3 f5 24. Qg3 Rg4 25. Qc7 Qd5 26. Bc3 Qd7 27. Be5
Rd8 28. Bf4 Qxc7 29. Rxc7 Nd5 30. Rxb7 Nxf4 31. exf4 Rxf4 32. Rxa7 Rfd4 33. h3
Rd1+ 34. Rxd1 Rxd1+ 35. Kh2 Rd2 36. Rb7 e5 37. a4 e4 38. Kg1 f4 39. a5 e3 40.
Rb3 Rd1+ 41. Kh2 e2 0-1

[Event "Open de la Loire 2010-2011"]
[Site "Loire"]
[Date "2011.01.22"]
[Round "5.7"]
[White "Liogier, Pascal"]
[Black "Martin, Julien"]
[Result "0-1"]
[WhiteElo "1440"]
[BlackElo "1530"]
[PlyCount "100"]
[EventDate "2011.??.??"]

1. Nf3 Nc6 2. c4 e5 3. Nc3 Nf6 4. d3 Be7 5. g3 d5 6. cxd5 Nxd5 7. Bg2 Nxc3 8.
bxc3 O-O 9. O-O Bf6 10. Ba3 Re8 11. Nd2 Bd7 12. Ne4 b6 13. Qc2 Bf5 14. Nxf6+
Qxf6 15. e4 Bd7 16. f4 Qh6 17. f5 Nd8 18. Bc1 Qd6 19. Qe2 Bb5 20. c4 Bd7 21. a4
Nc6 22. Be3 Nd4 23. Bxd4 Qxd4+ 24. Kh1 Rad8 25. Rfd1 a5 26. Ra3 Bc6 27. Qg4 Qb2
28. f6 g6 29. Qh4 Kh8 30. Raa1 Qe2 31. Qh6 Rg8 32. Qd2 Qg4 33. c5 Qe6 34. cxb6
cxb6 35. Qf2 Qb3 36. Rab1 Qxa4 37. Qxb6 Bd7 38. h4 Bg4 39. Rd2 Qa3 40. Kh2 h5
41. Qc7 Qd6 42. Qxa5 Qxf6 43. Rf1 Qe6 44. Qa2 Qxa2 45. Rxa2 Rxd3 46. Rxf7 Be6
47. Raa7 Bxf7 48. Rxf7 Rd2 49. Kh3 Rc8 50. Bh1 Rcc2 0-1

[Event "Open de la Loire 2010-2011"]
[Site "Loire"]
[Date "2011.01.22"]
[Round "5.8"]
[White "Benakila, Samir"]
[Black "D'Elia, Stephane"]
[Result "0-1"]
[WhiteElo "1520"]
[BlackElo "1420"]
[PlyCount "89"]
[EventDate "2011.??.??"]

1. e4 e5 2. Nf3 Nc6 3. Bc4 Bc5 4. O-O d6 5. c3 Nf6 6. d4 exd4 7. cxd4 Bb6 8. d5
Ne5 9. Nxe5 dxe5 10. Bg5 O-O 11. Nc3 a6 12. h3 Bd4 13. Qf3 b5 14. Bd3 Bb7 15.
Bxf6 Qxf6 16. Qxf6 gxf6 17. Kh1 Kh8 18. f4 exf4 19. Rab1 Be5 20. Ne2 c6 21.
Nxf4 cxd5 22. Nxd5 Rfd8 23. Rf5 Bxd5 24. exd5 Rxd5 25. Be4 Rd4 26. Re1 Rg8 27.
Rh5 Rg7 28. Rc1 Rxe4 29. g4 Rg5 30. Rh6 Kg7 31. Rh4 Bg3 32. Rh5 Re1+ 33. Rxe1
Bxe1 34. Rxg5+ fxg5 35. Kg2 Kg6 36. Kf3 f5 37. b3 fxg4+ 38. hxg4 h5 39. a4 bxa4
40. bxa4 a5 41. gxh5+ Kxh5 42. Kg2 Kg4 43. Kf1 Bb4 44. Kg2 Kf4 45. Kf2 0-1

[Event "Open de la Loire 2010-2011"]
[Site "Loire"]
[Date "2011.01.22"]
[Round "5.9"]
[White "Swietlicki, Jordan"]
[Black "Trottet, Francois"]
[Result "1-0"]
[WhiteElo "1350"]
[BlackElo "1510"]
[PlyCount "65"]
[EventDate "2011.??.??"]

1. e4 c5 2. d3 Nc6 3. Nf3 d6 4. Be3 a6 5. Nbd2 Nf6 6. h3 e6 7. Be2 Qb6 8. Rb1
Qc7 9. O-O Be7 10. c3 O-O 11. d4 Rd8 12. Qc1 b6 13. a3 d5 14. e5 Ne4 15. Qc2
Qb7 16. Bd3 cxd4 17. cxd4 Na5 18. Nxe4 dxe4 19. Bxe4 Qa7 20. Bxa8 Qxa8 21. b4
Nc6 22. Rbc1 Bb7 23. d5 exd5 24. Bxb6 Rd7 25. Bc5 d4 26. Bxe7 d3 27. Qd2 Nxe7
28. Rc3 Bxf3 29. gxf3 Qxf3 30. Qe3 Qf5 31. Rd1 d2 32. Rxd2 Rxd2 33. Qxd2 1-0

[Event "Open de la Loire 2010-2011"]
[Site "Loire"]
[Date "2011.01.22"]
[Round "5.10"]
[White "Piper, Stephane"]
[Black "Boeuf, Jean-Julien"]
[Result "1/2-1/2"]
[WhiteElo "1430"]
[BlackElo "1510"]
[PlyCount "47"]
[EventDate "2011.??.??"]

1. c4 Nf6 2. Nc3 g6 3. Nf3 Bg7 4. d4 O-O 5. Bf4 d6 6. Qd2 Bg4 7. h3 Bxf3 8.
exf3 Nbd7 9. Be2 c5 10. d5 Re8 11. O-O Qb6 12. Nb5 a6 13. Nc3 e6 14. dxe6 Rxe6
15. Rad1 Ne5 16. Bxe5 dxe5 17. Ne4 Nxe4 18. fxe4 Bf8 19. b3 f6 20. Bg4 Rd6 21.
Qe3 Rad8 22. Qe2 Rxd1 23. Rxd1 Rxd1+ 24. Qxd1 1/2-1/2

[Event "Open de la Loire 2010-2011"]
[Site "Loire"]
[Date "2011.01.22"]
[Round "5.11"]
[White "Peyssonneaux, Norbert"]
[Black "Barrandon, Georges"]
[Result "0-1"]
[WhiteElo "1499"]
[BlackElo "1420"]
[PlyCount "90"]
[EventDate "2011.??.??"]

1. c4 e5 2. Nc3 Bc5 3. Nf3 Nc6 4. g3 a6 5. Bg2 Nf6 6. d3 O-O 7. O-O Be7 8. b3
d5 9. Bb2 d4 10. Nb1 Bd7 11. Nbd2 Qb8 12. e3 b5 13. exd4 exd4 14. Nxd4 Nxd4 15.
Bxa8 Nxb3 16. axb3 Qxa8 17. Qf3 Bc6 18. Qe2 Re8 19. Qd1 Bg2 20. Re1 Bh3 21. Qf3
Qc8 22. Bxf6 Bxf6 23. Rxe8+ Qxe8 24. Rc1 Bg5 25. Qd1 Bxd2 26. Rc2 Qc6 27. f3
Be3+ 28. Kh1 Bg4 29. Kg2 Bf5 30. cxb5 Qxb5 31. Re2 Bd4 32. Qe1 g6 33. Re7 Qxd3
34. Rxc7 Qxb3 35. Qd2 Qb6 36. Re7 a5 37. g4 Be6 38. Qh6 Qd8 39. Rb7 Bg7 40. Qc1
Be5 41. Qc5 Bg7 42. Ra7 Bf8 43. Qxa5 Qxa5 44. Rxa5 Be7 45. Kf1 Bh4 0-1

[Event "Open de la Loire 2010-2011"]
[Site "Loire"]
[Date "2011.01.22"]
[Round "5.12"]
[White "Megnot, Philippe"]
[Black "Choquelle, Jean"]
[Result "1-0"]
[WhiteElo "1420"]
[BlackElo "1130"]
[PlyCount "53"]
[EventDate "2011.??.??"]

1. d4 d5 2. Nf3 Nc6 3. Bf4 Nf6 4. e3 Bd7 5. Nbd2 e6 6. a3 Be7 7. Be2 Ne4 8. O-O
O-O 9. Bd3 f5 10. c4 a6 11. h3 b6 12. b4 Nb8 13. Qb3 Bc6 14. Be2 g5 15. Bh2 Rf7
16. Nxe4 fxe4 17. Ne5 Rg7 18. Bg4 Bd7 19. cxd5 Qc8 20. Nxd7 Kh8 21. dxe6 Ra7
22. Be5 Qg8 23. Bxg7+ Kxg7 24. Qd5 Kh6 25. Qxe4 Nxd7 26. exd7 Bd8 27. Rac1 1-0

[Event "Open de la Loire 2010-2011"]
[Site "Loire"]
[Date "2011.01.22"]
[Round "5.13"]
[White "Mialon, Franck"]
[Black "Rasle, Corentin"]
[Result "1-0"]
[WhiteElo "1350"]
[BlackElo "1420"]
[PlyCount "58"]
[EventDate "2011.??.??"]

1. e4 e6 2. d4 d5 3. exd5 exd5 4. Nf3 Nf6 5. Be2 Bd6 6. O-O O-O 7. Bg5 Bf5 8.
Nc3 c6 9. Qd2 Nbd7 10. Nh4 Be6 11. f4 Nb6 12. f5 Bd7 13. Bg4 Bxh2+ 14. Kxh2
Nxg4+ 15. Kh3 Nf6 16. Rf4 Nc4 17. Qd3 Nxb2 18. Qg3 Kh8 19. Rb1 Nc4 20. Nd1 Nd6
21. Nf2 Rb8 22. Ng4 Nh5 23. Bxd8 Nxg3 24. Kxg3 Rfxd8 25. Rh1 g5 26. fxg6 fxg6
27. Nxg6+ Kg7 28. N6e5 Ne4+ 29. Kf3 Be6 1-0

[Event "Open de la Loire 2010-2011"]
[Site "Loire"]
[Date "2011.01.22"]
[Round "5.14"]
[White "Marie, Michel"]
[Black "Rogues, Jean-Luc"]
[Result "1-0"]
[WhiteElo "1120"]
[BlackElo "1410"]
[PlyCount "35"]
[EventDate "2011.??.??"]

1. e4 e6 2. e5 Bc5 3. d4 Bb6 4. b4 d5 5. a4 c6 6. a5 Bc7 7. Nf3 Ne7 8. Bd3 b6
9. Bg5 bxa5 10. bxa5 Bxa5+ 11. c3 Qc7 12. O-O O-O 13. Qc2 Nd7 14. Bxe7 Re8 15.
Bd6 Qd8 16. Ng5 f6 17. Bxh7+ Kh8 18. Nf7# 1-0

[Event "Open de la Loire 2010-2011"]
[Site "Loire"]
[Date "2011.01.22"]
[Round "5.15"]
[White "Crespy, Killian"]
[Black "Allabrune, Guillaume"]
[Result "0-1"]
[WhiteElo "1040"]
[BlackElo "1380"]
[PlyCount "24"]
[EventDate "2011.??.??"]

1. d4 Nf6 2. Nf3 d5 3. e3 Bg4 4. Be2 e6 5. c3 Bd6 6. h3 Bh5 7. Bd2 Ne4 8. Rf1
Nd7 9. Bd3 Qf6 10. Be2 g5 11. Rh1 g4 12. Ng1 Qxf2# 0-1

[Event "Open de la Loire 2010-2011"]
[Site "Loire"]
[Date "2011.01.22"]
[Round "5.16"]
[White "Volay, Pascal"]
[Black "Victoria, Philippe"]
[Result "1-0"]
[WhiteElo "1480"]
[BlackElo "1150"]
[PlyCount "119"]
[EventDate "2011.??.??"]

1. e4 e5 2. Nf3 Nc6 3. Bb5 Nd4 4. Nxd4 exd4 5. O-O g6 6. d3 Bg7 7. Bc4 Ne7 8.
Bf4 c5 9. Qc1 h6 10. Nd2 d6 11. Bb5+ Bd7 12. Bxd7+ Qxd7 13. b3 b5 14. a4 b4 15.
Nf3 g5 16. Bg3 f5 17. exf5 Nxf5 18. Re1+ Ne7 19. Re2 O-O-O 20. Qf1 Rde8 21.
Rae1 Bf6 22. Re6 Be5 23. Bxe5 Qxe6 24. Bxh8 Qg8 25. Bxd4 g4 26. Nd2 cxd4 27. f3
gxf3 28. Qxf3 Nd5 29. Qf5+ Kc7 30. Rxe8 Qxe8 31. Ne4 Nc3 32. Nxc3 Qe1+ 33. Qf1
Qxc3 34. Qf7+ Kc6 35. Qc4+ Qxc4 36. dxc4 h5 37. Kf2 a5 38. Ke2 d5 39. Kd3 dxc4+
40. Kxc4 Kb6 41. Kxd4 Kc6 42. h3 Kd6 43. g4 h4 44. g5 Ke6 45. Ke4 Kf7 46. Kf5
Kg7 47. g6 Kg8 48. Kf6 Kf8 49. g7+ Kg8 50. Kg5 Kxg7 51. Kxh4 Kh6 52. Kg4 Kg6
53. h4 Kh6 54. h5 Kg7 55. Kg5 Kh7 56. h6 Kg8 57. Kg6 Kh8 58. Kf6 Kh7 59. Ke5
Kxh6 60. Kd5 1-0

[Event "Open de la Loire 2010-2011"]
[Site "Loire"]
[Date "2011.01.22"]
[Round "6.1"]
[White "Moleins, Jean-Pierre"]
[Black "Buisine, Roman"]
[Result "1-0"]
[WhiteElo "1600"]
[BlackElo "1667"]
[PlyCount "53"]
[EventDate "2011.??.??"]

1. d4 Nf6 2. Nc3 e6 3. e4 Bb4 4. Nge2 Nxe4 5. a3 Nxc3 6. Nxc3 Bxc3+ 7. bxc3 d5
8. Bd3 c5 9. dxc5 Qa5 10. Bd2 Qxc5 11. O-O e5 12. Qh5 Qc6 13. Rfe1 Be6 14. Rxe5
Nd7 15. Rxe6+ Qxe6 16. Re1 Qxe1+ 17. Bxe1 g6 18. Qxd5 O-O-O 19. f3 Rhe8 20. Bg3
Ne5 21. Qc5+ Nc6 22. h3 Rd7 23. Kh2 Rdd8 24. Bb5 Re6 25. Qc4 Rd2 26. Qf4 Red6
27. Qxf7 1-0

[Event "Open de la Loire 2010-2011"]
[Site "Loire"]
[Date "2011.01.22"]
[Round "6.2"]
[White "Longueville, Thomas"]
[Black "Walter, Alain"]
[Result "0-1"]
[WhiteElo "1794"]
[BlackElo "1770"]
[PlyCount "64"]
[EventDate "2011.??.??"]

1. d4 d5 2. Nf3 Nf6 3. e3 e6 4. b3 c5 5. Bb2 Nc6 6. c4 Be7 7. Nbd2 O-O 8. Rc1
b6 9. Bd3 dxc4 10. bxc4 cxd4 11. exd4 Bb7 12. O-O Rc8 13. a3 Bd6 14. Qc2 Bf4
15. Rcd1 Ne7 16. Ne5 g6 17. Ne4 Bxe5 18. dxe5 Nxe4 19. Bxe4 Qc7 20. Bxb7 Qxb7
21. Rd6 Nf5 22. Rd3 Qe4 23. f3 Qxc4 24. Qxc4 Rxc4 25. Rc1 Rfc8 26. g4 Ne7 27.
Rd7 Nd5 28. Rxa7 Rc2 29. Bd4 Nf4 30. Bxb6 Rg2+ 31. Kh1 Rcc2 32. Bg1 Nh3 0-1

[Event "Open de la Loire 2010-2011"]
[Site "Loire"]
[Date "2011.01.22"]
[Round "6.3"]
[White "Carteron, Olivier"]
[Black "Joly, Christian"]
[Result "1/2-1/2"]
[WhiteElo "1610"]
[BlackElo "1600"]
[PlyCount "37"]
[EventDate "2011.??.??"]

1. e4 d6 2. d4 Nf6 3. Bd3 g6 4. f4 Bg7 5. c3 O-O 6. Nf3 Bg4 7. O-O Nbd7 8. e5
dxe5 9. fxe5 Ne8 10. h3 Be6 11. Nbd2 c5 12. Ne4 cxd4 13. cxd4 Qb6 14. Kh1 Rc8
15. Qe2 f6 16. Be3 Bd5 17. exf6 Nexf6 18. Nc3 e6 19. Rf2 $11 1/2-1/2

[Event "Open de la Loire 2010-2011"]
[Site "Loire"]
[Date "2011.01.22"]
[Round "6.4"]
[White "Doran, Niall"]
[Black "Martin, Julien"]
[Result "1-0"]
[WhiteElo "1547"]
[BlackElo "1530"]
[PlyCount "51"]
[EventDate "2011.??.??"]

1. Nf3 Nc6 2. e4 e5 3. Bb5 Nd4 4. Nxd4 exd4 5. O-O Qh4 6. d3 Bd6 7. f4 Nh6 8.
Nd2 Bxf4 9. Nf3 Qf6 10. Bxf4 Qxf4 11. Qe2 Ng4 12. h3 Qe3+ 13. Qxe3 Nxe3 14. Rf2
c6 15. Ba4 b5 16. Bb3 O-O 17. Nxd4 d5 18. Nxc6 dxe4 19. Ne7+ Kh8 20. Re1 Re8
21. Nxc8 exd3 22. Nd6 Re7 23. cxd3 Nd5 24. Rxe7 Nxe7 25. Nxf7+ Kg8 26. Nd8+ 1-0

7+ Kg8 26. Nd8+ 1-0

[Event "Open de la Loire 2010-2011"]
[Site "Loire"]
[Date "2011.01.22"]
[Round "6.5"]
[White "Mazet, Christian"]
[Black "Swietlicki, Jordan"]
[Result "1-0"]
[WhiteElo "1460"]
[BlackElo "1350"]
[PlyCount "85"]
[EventDate "2011.??.??"]

1. d4 d5 2. c4 e6 3. Nc3 Nf6 4. Nf3 c5 5. e3 Nc6 6. cxd5 exd5 7. b3 h6 8. Bb2
a6 9. Be2 Be7 10. O-O O-O 11. Rc1 Be6 12. dxc5 Bxc5 13. Bd3 b5 14. Bb1 Bd6 15.
Ne2 Ne7 16. Bxf6 gxf6 17. Nfd4 Re8 18. Qd3 f5 19. Nf4 Bxf4 20. exf4 Bd7 21.
Rfe1 Kf8 22. Qh3 Qb6 23. Nf3 Qf6 24. Ne5 Be6 25. Re3 Rec8 26. Rec3 Rxc3 27.
Rxc3 Qh8 28. Qe3 Ng6 29. Qc5+ Kg8 30. Qe3 Rd8 31. Rc7 d4 32. Qg3 Qg7 33. Nxg6
Qxg6 34. Qxg6+ fxg6 35. Kf1 Re8 36. Rc6 a5 37. Bd3 a4 38. Bxb5 axb3 39. axb3
Bxb3 40. Rxg6+ Kh7 41. Bxe8 d3 42. Ke1 Bc4 43. Kd2 1-0

[Event "Open de la Loire 2010-2011"]
[Site "Loire"]
[Date "2011.01.22"]
[Round "6.6"]
[White "D'Elia, Stephane"]
[Black "Febvret, Olivier"]
[Result "0-1"]
[WhiteElo "1420"]
[BlackElo "1450"]
[PlyCount "99"]
[EventDate "2011.??.??"]

1. e4 e5 2. Nf3 Nc6 3. c3 d5 4. Qa4 Bd7 5. exd5 Nd4 6. Qd1 Nxf3+ 7. Qxf3 Bd6 8.
d3 Qf6 9. Be2 Ne7 10. Qxf6 gxf6 11. Bf3 Rg8 12. h3 O-O-O 13. Be3 a6 14. Nd2 Nf5
15. Ne4 Be7 16. Bc5 Nd6 17. Bxd6 cxd6 18. O-O-O f5 19. Nd2 Bg5 20. b3 Bxd2+ 21.
Rxd2 f6 22. c4 Kb8 23. Kb1 Rde8 24. Re1 Re7 25. Rc2 Rc8 26. g4 Rg7 27. Rg1 h5
28. Rgc1 fxg4 29. hxg4 hxg4 30. Bg2 b6 31. b4 g3 32. Kb2 f5 33. a4 b5 34. axb5
axb5 35. c5 dxc5 36. Rxc5 Rxc5 37. Rxc5 gxf2 38. Bf1 Rg1 39. Rc1 e4 40. dxe4
fxe4 41. Kc3 Bh3 42. Rc2 Rxf1 43. d6 e3 44. Re2 Kc8 45. Kd3 Re1 46. Rc2+ Kd7
47. Rc7+ Kxd6 48. Rf7 f1=Q+ 49. Rxf1 Bxf1+ 50. Ke4 0-1